00406nam a2200169Ia 4500001001000000003000500010008004100015010001100056040000900067082001500076100001900091245005000110260002900160300001100189503002000200650001600220Para_9335CHAP220125s2002 xx 000 0 und d a207940 cCHAP a595.182 L4 aLee, Donald L. aThe biology of nematodes /c by Donald L. Lee aBoca Raton :b CRC Press a635 p. aI.234799 (ej.1) aNemátodos